Normal view
MARC view
- النقل البحري والبري-عالم عربي
Entry Topical Term
001 - CONTROL NUMBER
- control field: 34398
003 - CONTROL NUMBER IDENTIFIER
- control field: JO-AjAnu
005 - DATE AND TIME OF LATEST TRANSACTION
- control field: 20230606075749.0
008 - FIXED-LENGTH DATA ELEMENTS
- fixed length control field: 230606|| aca||aabn | a|a d
040 ## - CATALOGING SOURCE
- Original cataloging agency: JO-AjAnu
- Transcribing agency: JO-AjAnu
150 ## - HEADING--TOPICAL TERM
- Topical term or geographic name entry element: النقل البحري والبري-عالم عربي
670 ## - SOURCE DATA FOUND
- Source citation: Work cat.: (JO-AjAnu)17668: لاشين،عبدالقادر فتحي/فريق خبراء من المنظمة العربية للتنمية الادارية, author 34397, دراسة تطوير محاور النقل البري والبحري في المنظمة العربية:ج 2 النقل البحري بين الدول العربية التقرير النهائي